000
00221 a2200097 4500
001
28388
100
_a
Monroe, A H
245
_a
Principles of Speech Communication
260
_a
_b
Scott Foresman
_c
090
_c
18996
_d
18996
942
_a
NUST-CAE
_c
M
_c
9997
999
_c
263461
_d
263461